| 000 | 01171nam a2200337 i 4500 | ||
|---|---|---|---|
| 001 | 193605 | ||
| 003 | ES-MaACL | ||
| 005 | 20250902004122.0 | ||
| 007 | ta | ||
| 008 | 240118b2008 sp ||||| |||| 00| 0 spa d | ||
| 040 |
_bspa _cES-MaACL |
||
| 100 | 1 |
_9234911 _aFerreira dos Santos, J. A. _eaut |
|
| 245 | 1 | 3 |
_aOs 125 anos do Ateneu Comercial de Lisboa : _b(1880-2005) / _cJ. A. Ferreira dos Santos |
| 250 | _a1ª Edição | ||
| 264 |
_aLisboa : _bSete Caminhos, _c2008 |
||
| 300 |
_a551 páginas ; _c24 cm |
||
| 336 |
_2rdacontent _aTexto |
||
| 337 |
_2rdamedia _asin mediación |
||
| 338 |
_2rdacarrier _avolumen |
||
| 500 | _aÍndice | ||
| 500 | _aCatalogación provisional. Signatura: N 8641. Depósito J. | ||
| 504 | _aBibliografía: página 543 | ||
| 610 | 2 | 0 |
_aAteneu Comercial de Lisboa _9234910 |
| 852 |
_aES-MaACL _bR. 152808 _cDEPOJ _jN-8641 _hDonación: Editorial _9201070 _zEn proceso |
||
| 942 |
_n0 _cMONOGRAFIA |
||
| 999 |
_c193605 _d193605 |
||